Culture Générale : Difficile #1 - Statistiques

Statistiques générales
  • Ce quiz a été pris 627 fois
    612 depuis la dernière actualisation
  • Le résultat moyen est 6 sur 20
Statistiques - réponses
Hint Réponse % Correct
Quel est le plus grand os du corps humain ? Fémur
80%
De quel pays Sucre est-elle la capitale ? Bolivie
76%
Quelle a été la seule Première Ministre de la République Française (avant 2022)? Edith Cresson
55%
Qui à écrit "Du contrat social" ? Jean-Jacques Rousseau
49%
Quelle plante était utilisée par Athènes pour exécuter les condamnés dont le plus célèbre est Socrate ? Ciguë
42%
Quand on plonge un objet dans un liquide comment appelle-t-on la force qui le pousse vers le haut ? Poussée d'Archimède
40%
Dieu du commerce et des messagers dans la mythologie romaine Mercure
36%
Quel pays européen est doublement enclavé ? Liechtenstein
34%
En quelle année a été assassiné Jules César? -44
33%
Quel est l'animal mythologique qui représente l'Ecosse ? Licorne
28%
Quel pays asiatique a pris son indépendance en 2002 ? Timor Oriental
27%
Quel coureur à remporté le Tour de France 2015 ? Christopher Froome
23%
Quel médicament retiré du marché en 2009 a vu apparaitre un scandale après la publication d'un livre sur sa mortalité ? Médiator
21%
En quelle année est commercialisé le premier ordinateur portable ? 1981
20%
Quel jeu-vidéo sorti en 2008 consiste à faire évoluer une espèce d'une simple cellule à la conquête spatiale ? Spore
15%
Quel plat russe connu contient de la betterave ? Bortsch
11%
Quel martyr, peint par Mantegna est exposé au Louvre ? Saint-Sébastien
7%
Qui est l'architecte qui a conçu le dôme de la cathédrale de Florence ? Filippo Brunelleschi
5%
Quelle molécule azotée rentre dans la composition des engrais et des gaz réfrigérants ? Ammoniac
4%
Quel réalisateur a été le plus nominé aux Oscars ? William Wyler
0%
Aucun quiz correspondant
Distribution des résultats
% des personnes avec chaque résultat
Percentile par nombre de réponses
Votre historique - résultats
Vous n’avez pas pris ce quiz depuis la dernière actualisation